Spider-Man Villain Connections Quiz Stats

 Plays Quiz not verified by Sporcle

Challenge
Share
Tweet
Embed
Score 0/20 Timer 10:00
0 Plays Today
% Correct
The Kingpin
88.6%
Doctor Octopus
86.1%
The Green Goblin
81.9%
Kraven the Hunter
80.7%
Venom
80.7%
Carnage
80.1%
The Punisher
80.1%
Jack o' Lantern
77.1%
Alistair Symthe
75.9%
The Jackal
71.1%
% Correct
The Hammerhead
67.5%
Carrion
66.9%
The Scorpion
66.3%
Mysterio
65.1%
Shriek
64.5%
Silvermane
63.9%
The Chameleon
62%
The Hobgoblin
61.4%
J. Jonah Jameson
60.8%
Vermin
54.8%

You're not logged in!

Compare scores with friends on all Sporcle quizzes.
OR
Log In

You Might Also Like...

Show Comments

Extras

Top Quizzes Today


Score Distribution

Your Account Isn't Verified!

In order to create a playlist on Sporcle, you need to verify the email address you used during registration. Go to your Sporcle Settings to finish the process.

Report this User

Report this user for behavior that violates our Community Guidelines.

Details: